Statistics for Days of the Week in Spanish Quiz

Click here to take the quiz!

General Stats

  • This quiz has been taken 11,615 times
    (11,614 since last reset)
  • The average score is 6 of 7

Answer Stats

Day % Correct
lunes
95%
domingo
92%
martes
91%
sábado
91%
miércoles
87%
viernes
80%
jueves
79%

Score Distribution

Percentile by Number Answered

Percent of People with Each Score

Your Score History

You have not taken this quiz since the last reset